Sistema jurídico y dogmática jurídica
Spremljeno u:
| Glavni autor: | |
|---|---|
| Format: | Knjiga |
| Jezik: | španjolski |
| Izdano: |
Madrid
Centro de Estudios Constitucionales
1983
|
| Serija: | Colección Estudios Constitucionales
|
| Teme: | |
| Oznake: |
Dodaj oznaku
Bez oznaka, Budi prvi tko označuje ovaj zapis!
|
MARC
| LEADER | 00000nam a2200000 a 4500 | ||
|---|---|---|---|
| 001 | UCV1258 | ||
| 003 | CL-VaPUC | ||
| 008 | 900321e19830000SP |||||||||||||||||spa|d | ||
| 082 | 0 | 4 | |a 340.2 |b LUH |2 21 |
| 100 | |a Luhmann, Niklas |e autor |9 316343 | ||
| 245 | 1 | 0 | |a Sistema jurídico y dogmática jurídica |
| 300 | |a 153 p | ||
| 942 | |c BK | ||
| 945 | |d 19900321 00:00:00 | ||
| 260 | |a Madrid |b Centro de Estudios Constitucionales |c 1983 | ||
| 650 | 0 | |a Administración de justicia |9 382749 | |
| 650 | 0 | |a Sociología del derecho |9 254890 | |
| 650 | 0 | |a Justicia |9 255408 | |
| 583 | |a last modification |c 19900321 00:00:00 |k Rodrigo Vera | ||
| 490 | 0 | |a Colección Estudios Constitucionales | |
| 999 | |c 209252 |d 209250 | ||
| 952 | |0 0 |1 0 |4 0 |6 340_200000000000000_LUH_1983 |7 0 |8 DER_TF |9 184566 |a BIBDER |b BIBDER |d 2019-11-14 |i 2518716 |l 1 |o 340.2 LUH 1983 |p 2518716 |r 2024-07-08 |s 2024-07-02 |w 2019-11-14 |x Ubicación 4to Piso |y BK |z Estos recursos deben solicitarse con anticipación |k DER | ||